000
00326nam a2200145Ia 4500
003
OSt
005
20240209101454.0
008
170524s9999 xx 000 0 und d
020
_a
8125909362
040
_c
IIMT UNIVERSITY
100
_a
MISHRA- MN
245
0
_a
ORAGANIZATION BEHAVIOUR
260
_b
HIMALAYA
942
_2
ddc
_c
02
999
_c
8046
_d
8046